[Event "IECC CL1-2008.06 email"]
[Site "IECC email"]
[Date "2008.12.03"]
[Round "?"]
[White "Broyles, Jack"]
[Black "Rathbone, John"]
[Result "1/2-1/2"]
[WhiteElo "2286"]
[BlackElo "2281"]
[PlyCount "84"]
[EventDate "2008.??.??"]
[EventType "tourn (corr)"]
[EventRounds "4"]
[SourceTitle "Corr 2011"]
[Source "ChessBase"]
[SourceDate "2010.08.31"]
[SourceVersion "1"]
[SourceVersionDate "2010.08.31"]
[SourceQuality "1"]
[WhiteTeam "England"]
[BlackTeam "England"]
[WhiteTeamCountry "ENG"]
[BlackTeamCountry "ENG"]

1. e4 c5 2. Nf3 d6 3. d4 cxd4 4. Nxd4 Nf6 5. Nc3 g6 6. Be3 Bg7 7. f3 0-0 8. Qd2 Nc6 9. 0-0-0 d5 10. Qe1 e5 11. Nxc6 bxc6 12. exd5 cxd5 13. Bg5 Be6 14. Bc4 Qb6 15. Bxf6 Bxf6 16. Bxd5 Rab8 17. b3 Rfc8 18. Bxe6 Qxe6 19. Nd5 Bg7 20. Qd2 Rc5 21. Rhe1 f5 22. Qd3 a5 23. Rd2 Bh6 24. f4 e4 25. Qd4 Rbc8 26. Qf6 Qxf6 27. Nxf6+ Kf7 28. Nd5 g5 29. g3 gxf4 30. gxf4 Ke6 31. c4 Rg8 32. Kc2 a4 33. Rf1 Rg4 34. Rdf2 axb3+ 35. axb3 Bg7 36. Nc3 Rc6 37. Rd1 Ra6 38. c5 Rh4 39. Rfd2 Bxc3 40. Rd6+ Rxd6 41. Rxd6+ Ke7 42. Kxc3 Rxf4 1/2-1/2

[Event "IECC CL1-2008.06 email"]
[Site "IECC email"]
[Date "2008.12.03"]
[Round "?"]
[White "Rathbone, John"]
[Black "Futida, Souitiro"]
[Result "1-0"]
[WhiteElo "2274"]
[BlackElo "2228"]
[PlyCount "101"]
[EventDate "2008.??.??"]
[EventType "tourn (corr)"]
[EventRounds "4"]
[SourceTitle "Corr 2011"]
[Source "ChessBase"]
[SourceDate "2010.08.31"]
[SourceVersion "1"]
[SourceVersionDate "2010.08.31"]
[SourceQuality "1"]
[WhiteTeam "England"]
[BlackTeam "Brazil"]
[WhiteTeamCountry "ENG"]
[BlackTeamCountry "BRA"]

1. e4 c5 2. Nf3 e6 3. d4 cxd4 4. Nxd4 Nc6 5. Nc3 Qc7 6. Be3 a6 7. Qd2 Nf6 8. 0-0-0 Bb4 9. f3 Ne5 10. Nb3 b5 11. Qe1 Rb8 12. a3 Be7 13. f4 Nc4 14. e5 Ng4 15. Bd4 0-0 16. h3 Nh6 17. g4 d6 18. Rg1 Rd8 19. exd6 Bxd6 20. Be5 Nxe5 21. fxe5 Be7 22. Rxd8+ Qxd8 23. Bd3 b4 24. axb4 Rxb4 25. Qe2 Bb7 26. Rd1 Qa8 27. Nd2 Bc6 28. Be4 Bxe4 29. Ndxe4 Qa7 30. Rd3 Rb8 31. b3 Rf8 32. Kb2 Qc7 33. Nd2 Bb4 34. Nc4 Rb8 35. Qd1 Bf8 36. Rd4 a5 37. Qd3 Ra8 38. Rd7 Qc6 39. Na4 Rb8 40. Ka2 Re8 41. Nxa5 Qa8 42. Qb5 Rc8 43. Kb2 Qe4 44. Nc4 Qe1 45. Nab6 Rb8 46. Qc6 g6 47. Rd3 Kg7 48. Nd7 Rd8 49. Nxf8 Rxf8 50. Qf3 Ng8 51. Rd7 1-0

[Event "IECC CL1-2002.05"]
[Site "IECC email"]
[Date "2002.03.14"]
[Round "?"]
[White "Rathbone, John"]
[Black "Dyakov, Alexander V"]
[Result "1-0"]
[WhiteElo "2238"]
[BlackElo "2223"]
[PlyCount "65"]
[EventDate "2002.??.??"]
[EventType "tourn (corr)"]
[EventRounds "4"]
[SourceTitle "Corr 2008"]
[Source "ChessBase"]
[SourceDate "2008.06.24"]
[SourceVersion "1"]
[SourceVersionDate "2008.06.24"]
[SourceQuality "1"]

1. e4 c5 2. Nf3 d6 3. d4 cxd4 4. Nxd4 Nf6 5. Nc3 a6 6. Be2 e6 7. f4 Be7 8. 0-0 0-0 9. a4 Qc7 10. Kh1 Nc6 11. Be3 Re8 12. a5 Bf8 13. Nb3 Nd7 14. Qe1 Nc5 15. Qg3 Nxb3 16. Bb6 Qe7 17. cxb3 Bd7 18. Rad1 Rac8 19. Bc4 Nb4 20. f5 exf5 21. exf5 Qe5 22. Rf4 Nc2 23. Qh4 Ne3 24. Bxe3 Qxe3 25. f6 Be6 26. Re4 Qh6 27. Qxh6 gxh6 28. Kg1 h5 29. Kf2 Rc5 30. Bd5 Rxa5 31. b4 Rxd5 32. Nxd5 Rc8 33. b5 1-0

[Event "IECC CL1-2002.02"]
[Site "IECC email"]
[Date "2002.02.14"]
[Round "?"]
[White "Adams, Mark"]
[Black "Rathbone, John"]
[Result "1-0"]
[WhiteElo "2134"]
[BlackElo "2227"]
[PlyCount "75"]
[EventDate "2002.??.??"]
[EventType "tourn (corr)"]
[EventRounds "4"]
[SourceTitle "Corr 2008"]
[Source "ChessBase"]
[SourceDate "2008.06.24"]
[SourceVersion "1"]
[SourceVersionDate "2008.06.24"]
[SourceQuality "1"]

1. e4 c5 2. Nf3 d6 3. d4 cxd4 4. Nxd4 Nf6 5. Nc3 a6 6. f3 e6 7. Be3 b5 8. Qd2 Nbd7 9. g4 h6 10. 0-0-0 Bb7 11. h4 b4 12. Na4 Qa5 13. b3 Nc5 14. a3 Nxa4 15. axb4 Qc7 16. bxa4 d5 17. e5 Nd7 18. f4 Nb6 19. f5 Nxa4 20. fxe6 Nc3 21. exf7+ Kxf7 22. Bd3 Bxb4 23. Rdf1+ Kg8 24. Qf2 Ba3+ 25. Kd2 Ne4+ 26. Bxe4 dxe4 27. Qf5 Bb4+ 28. Kd1 Bd5 29. e6 Rd8 30. Qg6 Rh7 31. Rf7 Qc8 32. Bxh6 Bf8 33. Be3 Ba3 34. Ke2 Bb2 35. Rd1 Kh8 36. h5 Bc4+ 37. Kf2 Rf8 38. Nf5 1-0

[Event "IECC CL1-2002.02"]
[Site "IECC email"]
[Date "2002.02.14"]
[Round "?"]
[White "Morin, Stephane"]
[Black "Rathbone, John"]
[Result "1/2-1/2"]
[WhiteElo "2366"]
[BlackElo "2217"]
[PlyCount "33"]
[EventDate "2002.??.??"]
[EventType "tourn (corr)"]
[EventRounds "4"]
[SourceTitle "Corr 2008"]
[Source "ChessBase"]
[SourceDate "2008.06.24"]
[SourceVersion "1"]
[SourceVersionDate "2008.06.24"]
[SourceQuality "1"]

1. e4 c5 2. Nf3 d6 3. d4 cxd4 4. Qxd4 Nc6 5. Bb5 Bd7 6. Bxc6 Bxc6 7. Nc3 Nf6 8. Bg5 e6 9. 0-0-0 Be7 10. Rhe1 0-0 11. Kb1 h6 12. Bh4 Re8 13. Qd3 Rc8 14. Nb5 Bxb5 15. Qxb5 Qc7 16. Qe2 Qb6 17. Ka1 1/2-1/2

[Event "IECC M email"]
[Site "IECC email"]
[Date "2001.11.21"]
[Round "?"]
[White "Borst, John C"]
[Black "Rathbone, John"]
[Result "0-1"]
[WhiteElo "2146"]
[BlackElo "2178"]
[PlyCount "82"]
[EventDate "2001.??.??"]
[EventType "tourn (corr)"]
[EventRounds "6"]
[SourceTitle "Corr 2008"]
[Source "ChessBase"]
[SourceDate "2008.06.24"]
[SourceVersion "1"]
[SourceVersionDate "2008.06.24"]
[SourceQuality "1"]

1. e4 c5 2. Nf3 d6 3. d4 cxd4 4. Nxd4 Nf6 5. Nc3 a6 6. Be3 e5 7. Nb3 Be6 8. f3 Nbd7 9. Qd2 b5 10. a4 b4 11. Nd5 Bxd5 12. exd5 Nb6 13. Bxb6 Qxb6 14. a5 Qb7 15. Bc4 Be7 16. Ra4 Rb8 17. Nc1 Bd8 18. b3 0-0 19. Na2 Nd7 20. Kd1 Qc8 21. Nxb4 Nc5 22. Ra2 Bg5 23. Qxg5 Rxb4 24. Qd2 Rb7 25. h4 Re8 26. h5 h6 27. Rf1 e4 28. Qf4 Qb8 29. Re1 Rbe7 30. g4 exf3 31. Rxe7 Rxe7 32. Qxf3 Qe8 33. Kc1 Re1+ 34. Kb2 Qe5+ 35. Ka3 Qg5 36. Qf5 Qc1+ 37. Rb2 Re8 38. Bd3 Qa1+ 39. Ra2 Qc3 40. Qh7+ Kf8 41. g5 Ke7 0-1

[Event "IECC M email"]
[Site "IECC email"]
[Date "2001.11.21"]
[Round "?"]
[White "Rathbone, John"]
[Black "Borst, John C"]
[Result "1-0"]
[WhiteElo "2189"]
[BlackElo "2135"]
[PlyCount "93"]
[EventDate "2001.??.??"]
[EventType "tourn (corr)"]
[EventRounds "6"]
[SourceTitle "Corr 2008"]
[Source "ChessBase"]
[SourceDate "2008.06.24"]
[SourceVersion "1"]
[SourceVersionDate "2008.06.24"]
[SourceQuality "1"]

1. e4 c5 2. Nf3 d6 3. d4 cxd4 4. Nxd4 Nf6 5. Nc3 a6 6. Be3 e6 7. f3 b5 8. g4 h6 9. Qd2 Nbd7 10. 0-0-0 Bb7 11. h4 b4 12. Na4 Qa5 13. b3 Nc5 14. a3 Rc8 15. Qxb4 Qc7 16. Kb1 d5 17. Nxc5 Bxc5 18. Qa4+ Kf8 19. Bd3 dxe4 20. Bxa6 Bxa6 21. Qxa6 Nd5 22. Nb5 Nc3+ 23. Nxc3 Bxe3 24. Qd6+ Qxd6 25. Rxd6 Bc5 26. Ra6 exf3 27. Rf1 g5 28. h5 Bxa3 29. Rxf3 Be7 30. Nb5 Rb8 31. c4 Kg7 32. Ra7 Bf6 33. Nd6 Rhf8 34. c5 Rb4 35. c6 Rb6 36. Rc7 Rbb8 37. Rd7 Rbd8 38. Kc2 Rxd7 39. cxd7 Be7 40. Ne8+ Kg8 41. Rf6 Kh7 42. b4 Bd8 43. Kd3 Kh8 44. Rxh6+ Kg8 45. Rf6 Kh7 46. Ke4 Bb6 47. Ke5 1-0

[Event "IECC CL2-2001.37"]
[Site "IECC email"]
[Date "2001.10.24"]
[Round "?"]
[White "Endean, Andrew"]
[Black "Rathbone, John"]
[Result "0-1"]
[WhiteElo "1992"]
[BlackElo "2154"]
[PlyCount "70"]
[EventDate "2001.??.??"]
[EventType "tourn (corr)"]
[EventRounds "4"]
[SourceTitle "Corr 2008"]
[Source "ChessBase"]
[SourceDate "2008.06.24"]
[SourceVersion "1"]
[SourceVersionDate "2008.06.24"]
[SourceQuality "1"]

1. d4 d5 2. c4 e6 3. Nf3 Nf6 4. Nc3 c6 5. cxd5 exd5 6. Bg5 h6 7. Bh4 Bf5 8. e3 Nbd7 9. Bd3 Bxd3 10. Qxd3 Bd6 11. 0-0 0-0 12. Rab1 Qe7 13. Rfe1 Qe6 14. b4 b5 15. a4 a5 16. axb5 axb4 17. bxc6 Ra3 18. cxd7 Rxc3 19. Qe2 Nxd7 20. Rec1 Rfc8 21. Rxc3 bxc3 22. Rc1 Ba3 23. Rc2 Bb2 24. h3 Ra8 25. Kh2 Ra1 26. Qd3 Nb6 27. Ne5 Nc4 28. Bg3 Nd6 29. Rxc3 Bxc3 30. Qxc3 Ra8 31. Qb3 Ne4 32. Qb7 Rd8 33. Qc6 Rc8 34. Qb7 Nd2 35. Nd7 Qe8 0-1

[Event "IECC CL2-2001.37"]
[Site "IECC email"]
[Date "2001.10.24"]
[Round "?"]
[White "Rathbone, John"]
[Black "Hervas, Fernando"]
[Result "1-0"]
[WhiteElo "2161"]
[BlackElo "1831"]
[PlyCount "125"]
[EventDate "2001.??.??"]
[EventType "tourn (corr)"]
[EventRounds "4"]
[SourceTitle "Corr 2008"]
[Source "ChessBase"]
[SourceDate "2008.06.24"]
[SourceVersion "1"]
[SourceVersionDate "2008.06.24"]
[SourceQuality "1"]

1. e4 e5 2. Nf3 Nc6 3. Bb5 a6 4. Ba4 Nf6 5. 0-0 Be7 6. Re1 b5 7. Bb3 0-0 8. h3 d6 9. c3 Bb7 10. d4 Re8 11. Nbd2 Bf8 12. d5 Nb8 13. Nf1 Nbd7 14. Ng3 Qc8 15. Bg5 h6 16. Bxf6 Nxf6 17. Nd2 g6 18. c4 Bg7 19. Rc1 Qd7 20. Qf3 Rec8 21. Qd3 c6 22. dxc6 Qxc6 23. cxb5 Qxb5 24. Rxc8+ Rxc8 25. Qxd6 Qa5 26. Nf3 Qc5 27. Qd3 Rc7 28. Re2 Qe7 29. Rc2 Rd7 30. Qe3 Rd1+ 31. Kh2 Rd7 32. Ba4 Rc7 33. Qa7 Kh7 34. a3 Qd6 35. Rxc7 Qxc7 36. b4 Bf8 37. Bb3 Bd6 38. Nd2 Kg7 39. Bc4 Qc6 40. Bd3 Nd7 41. Nc4 Bc7 42. Ne2 f5 43. f3 f4 44. Qf2 Bb6 45. Nxb6 Nxb6 46. Qe1 Qd6 47. Qc3 Kh7 48. Nc1 Nd7 49. Nb3 Kg7 50. Na5 Ba8 51. Be2 h5 52. Qc8 Nb6 53. Qc5 Qf6 54. Bxa6 g5 55. Nc4 Nxc4 56. Bxc4 Bc6 57. b5 Bxb5 58. Qxb5 Qe7 59. a4 g4 60. a5 g3+ 61. Kh1 Kh7 62. a6 Qa3 63. Qb7+ 1-0

[Event "IECC M email"]
[Site "IECC email"]
[Date "2001.10.06"]
[Round "?"]
[White "Stimpson, Paul"]
[Black "Rathbone, John"]
[Result "0-1"]
[WhiteElo "1888"]
[BlackElo "2174"]
[PlyCount "56"]
[EventDate "2001.??.??"]
[EventType "tourn (corr)"]
[EventRounds "6"]
[SourceTitle "Corr 2008"]
[Source "ChessBase"]
[SourceDate "2008.06.24"]
[SourceVersion "1"]
[SourceVersionDate "2008.06.24"]
[SourceQuality "1"]

1. e4 c5 2. Nf3 d6 3. d4 cxd4 4. Nxd4 Nf6 5. Nc3 a6 6. Bg5 e6 7. f4 Qb6 8. Qd2 Qxb2 9. Nb3 Qa3 10. Bxf6 gxf6 11. Be2 Rg8 12. 0-0 Be7 13. Kh1 Nc6 14. Rf3 Bd7 15. Rd1 b5 16. Rh3 b4 17. Nb1 Qxa2 18. Rxh7 Rc8 19. Qd3 Nd8 20. Qxa6 Qxa6 21. Bxa6 Rxc2 22. Rd2 Rc7 23. Rd4 Ba4 24. N1d2 Nc6 25. Rd3 Nb8 26. Bc4 f5 27. exf5 d5 28. fxe6 fxe6 0-1

[Event "IECC CL2-2001.34"]
[Site "IECC email"]
[Date "2001.10.01"]
[Round "?"]
[White "Alvim, Antonio Carlos Rodr"]
[Black "Rathbone, John"]
[Result "1/2-1/2"]
[WhiteElo "2166"]
[BlackElo "2138"]
[PlyCount "43"]
[EventDate "2001.??.??"]
[EventType "tourn (corr)"]
[EventRounds "4"]
[SourceTitle "Corr 2008"]
[Source "ChessBase"]
[SourceDate "2008.06.24"]
[SourceVersion "1"]
[SourceVersionDate "2008.06.24"]
[SourceQuality "1"]

1. e4 c5 2. Nf3 d6 3. c3 Nf6 4. Be2 Bd7 5. d3 g6 6. 0-0 Bg7 7. Re1 0-0 8. e5 dxe5 9. Nxe5 Be6 10. Bf3 Bd5 11. Be3 Qd6 12. d4 Rd8 13. Nd2 cxd4 14. Bxd4 Nc6 15. Nxc6 bxc6 16. Qe2 Bxf3 17. Nxf3 c5 18. Be5 Qd3 19. c4 Qxe2 20. Rxe2 e6 21. Kf1 a5 22. h3 1/2-1/2

[Event "IECG Q1.2000.0.00126"]
[Site "IECG email"]
[Date "2000.10.13"]
[Round "?"]
[White "Rathbone, John"]
[Black "Zarp, Xavier"]
[Result "1/2-1/2"]
[WhiteElo "2069"]
[BlackElo "1697"]
[PlyCount "122"]
[EventDate "2000.10.13"]
[EventType "tourn (corr)"]
[EventRounds "6"]
[SourceTitle "Corr 2008"]
[Source "ChessBase"]
[SourceDate "2008.06.24"]
[SourceVersion "1"]
[SourceVersionDate "2008.06.24"]
[SourceQuality "1"]

1. e4 c6 2. d4 d5 3. Nd2 dxe4 4. Nxe4 Bf5 5. Ng3 Bg6 6. h4 h6 7. c3 e6 8. Qb3 Qb6 9. Qxb6 axb6 10. Bf4 Nd7 11. Nf3 Ngf6 12. Ne5 Nxe5 13. Bxe5 Be7 14. a3 0-0 15. h5 Bh7 16. Bc4 b5 17. Ba2 Nd5 18. Bxd5 exd5 19. Kd2 Bg5+ 20. f4 Be7 21. Rae1 Rfe8 22. Re2 f6 23. Bc7 Rac8 24. Bb6 Bd6 25. Rf1 Kf7 26. Ba5 Ra8 27. Bb6 g5 28. hxg6+ Bxg6 29. Ref2 Ra6 30. Bc5 Bc7 31. Rh1 Kg7 32. Nh5+ Bxh5 33. Rxh5 b6 34. Bb4 Kg6 35. Rh1 Raa8 36. g3 f5 37. Rfh2 Rh8 38. Kd3 Rae8 39. b3 h5 40. Rh4 Bb8 41. R4h3 Rc8 42. c4 bxc4+ 43. bxc4 dxc4+ 44. Kxc4 b5+ 45. Kc3 Ba7 46. Bd6 Rcd8 47. Be5 Rh7 48. a4 bxa4 49. Ra1 Bb8 50. Rxa4 Ra7 51. Rb4 Bxe5 52. dxe5 Ra3+ 53. Kb2 Rf3 54. Rc4 Rd2+ 55. Kc1 Rg2 56. Rxc6+ Kf7 57. Rh1 Rff2 58. Rc3 Ra2 59. Rb3 Ra1+ 60. Rb1 Ra7 61. Rb2 Ra1+ 1/2-1/2

[Event "IECG Q1.2000.0.00126"]
[Site "IECG email"]
[Date "2000.10.13"]
[Round "?"]
[White "Zarp, Xavier"]
[Black "Rathbone, John"]
[Result "1-0"]
[WhiteElo "1697"]
[BlackElo "2069"]
[PlyCount "81"]
[EventDate "2000.10.13"]
[EventType "tourn (corr)"]
[EventRounds "6"]
[SourceTitle "Corr 2008"]
[Source "ChessBase"]
[SourceDate "2008.06.24"]
[SourceVersion "1"]
[SourceVersionDate "2008.06.24"]
[SourceQuality "1"]

1. d4 Nf6 2. c4 g6 3. Nc3 d5 4. cxd5 Nxd5 5. Nf3 Nxc3 6. bxc3 Bg7 7. e4 0-0 8. Be2 c5 9. Rb1 cxd4 10. cxd4 Qa5+ 11. Qd2 Qxd2+ 12. Bxd2 b6 13. 0-0 Bb7 14. Bd3 Rd8 15. Be3 e6 16. Bg5 Rd7 17. Rfd1 Nc6 18. Be3 Rad8 19. Bg5 f6 20. Be3 Ne5 21. Nxe5 fxe5 22. Bb5 exd4 23. Bxd7 Rxd7 24. f3 Kf7 25. Bd2 e5 26. Kf2 Bf6 27. Rdc1 Be7 28. a4 Bd8 29. Ra1 a6 30. Ke2 g5 31. a5 b5 32. Kd3 Ke6 33. Rc2 h6 34. Bb4 Rc7 35. Rac1 Kd7 36. Rxc7+ Bxc7 37. g3 h5 38. Rg1 Ke6 39. h4 Kf6 40. hxg5+ Kxg5 41. Rc1 1-0

[Event "IECC M email"]
[Site "IECC email"]
[Date "2000.09.30"]
[Round "?"]
[White "Rathbone, John"]
[Black "Rodriguez, Alvaro"]
[Result "1-0"]
[WhiteElo "2109"]
[BlackElo "1955"]
[PlyCount "103"]
[EventDate "2000.??.??"]
[EventType "tourn (corr)"]
[EventRounds "2"]
[SourceTitle "Corr 2008"]
[Source "ChessBase"]
[SourceDate "2008.06.24"]
[SourceVersion "1"]
[SourceVersionDate "2008.06.24"]
[SourceQuality "1"]

1. e4 c5 2. Nf3 d6 3. d4 cxd4 4. Nxd4 Nf6 5. Nc3 a6 6. Be3 e5 7. Nb3 Be6 8. Qd2 Nbd7 9. f3 b5 10. a4 b4 11. Nd5 Bxd5 12. exd5 Nb6 13. a5 Nbxd5 14. Bg5 Qc7 15. Bd3 Qb7 16. 0-0 h6 17. Bxf6 Nxf6 18. Rfe1 Be7 19. Ra4 Rb8 20. Qe2 Qd7 21. Rea1 Nd5 22. Bxa6 0-0 23. Bd3 Nf4 24. Qe4 f5 25. Qe1 Rfc8 26. Rxb4 Qa7+ 27. Kh1 Nxd3 28. cxd3 Qa6 29. Rxb8 Rxb8 30. Qd1 Bg5 31. h3 Be3 32. d4 e4 33. fxe4 fxe4 34. Qc2 Qd3 35. Qxd3 exd3 36. a6 Ra8 37. d5 d2 38. Rd1 Rxa6 39. Nxd2 Ra4 40. Nf1 Bc5 41. b3 Re4 42. g4 Kf7 43. Rd3 Kf6 44. Ng3 Re1+ 45. Kg2 Ke5 46. Kf3 g6 47. h4 Ra1 48. h5 gxh5 49. gxh5 Ra8 50. Ke2 Rg8 51. Kf3 Rf8+ 52. Kg2 1-0

[Event "IECC M email"]
[Site "IECC email"]
[Date "2000.08.06"]
[Round "?"]
[White "Le Duigou, Jean Guy"]
[Black "Rathbone, John"]
[Result "1/2-1/2"]
[WhiteElo "2151"]
[BlackElo "2072"]
[PlyCount "61"]
[EventDate "2000.??.??"]
[EventType "tourn (corr)"]
[EventRounds "2"]
[SourceTitle "Corr 2008"]
[Source "ChessBase"]
[SourceDate "2008.06.24"]
[SourceVersion "1"]
[SourceVersionDate "2008.06.24"]
[SourceQuality "1"]

1. d4 Nf6 2. Nf3 d5 3. e3 g6 4. Nbd2 Bg7 5. Be2 0-0 6. 0-0 Bf5 7. b3 Nc6 8. a3 a6 9. Bb2 Qd7 10. c4 dxc4 11. bxc4 Rfd8 12. Qb3 b6 13. d5 Na5 14. Qc3 c6 15. e4 Bg4 16. Qb4 Rab8 17. Bc3 c5 18. Qb2 Nh5 19. Bxg7 Bxf3 20. Bxf3 Nxg7 21. Rab1 Qd6 22. Qc3 e5 23. Rfd1 Ne8 24. Be2 Nf6 25. Rf1 Re8 26. Bd3 Nh5 27. g3 Re7 28. Bc2 Rd8 29. Rfd1 Nf6 30. Ba4 Rb8 31. Kg2 1/2-1/2

[Event "IECC M email"]
[Site "IECC email"]
[Date "2000.08.01"]
[Round "?"]
[White "Petkov, Stamat"]
[Black "Rathbone, John"]
[Result "1/2-1/2"]
[WhiteElo "1875"]
[BlackElo "2083"]
[PlyCount "66"]
[EventDate "2000.??.??"]
[EventType "tourn (corr)"]
[EventRounds "2"]
[SourceTitle "Corr 2008"]
[Source "ChessBase"]
[SourceDate "2008.06.24"]
[SourceVersion "1"]
[SourceVersionDate "2008.06.24"]
[SourceQuality "1"]

1. d4 Nf6 2. c4 e6 3. Nf3 d5 4. Nc3 Bb4 5. Bg5 h6 6. Bxf6 Qxf6 7. e3 0-0 8. Rc1 dxc4 9. Bxc4 c5 10. 0-0 cxd4 11. Nxd4 Rd8 12. Qb3 Bxc3 13. Rxc3 b6 14. Qc2 Bb7 15. Bd3 Nd7 16. b4 a5 17. b5 Nc5 18. Nc6 Rd6 19. Be2 Bxc6 20. bxc6 Rc8 21. Bf3 e5 22. Rc4 e4 23. Bxe4 Nxe4 24. Qxe4 Rdxc6 25. Rxc6 Qxc6 26. Qf5 Rd8 27. Qb1 b5 28. Rc1 Qd5 29. Qc2 Qd2 30. h3 Qxc2 31. Rxc2 Rd1+ 32. Kh2 a4 33. Kg3 Rb1 1/2-1/2

[Event "IECC M email"]
[Site "IECC email"]
[Date "2000.03.15"]
[Round "?"]
[White "Koolsbergen, Nico"]
[Black "Rathbone, John"]
[Result "1/2-1/2"]
[WhiteElo "1860"]
[BlackElo "1973"]
[PlyCount "88"]
[EventDate "2000.??.??"]
[EventType "tourn (corr)"]
[EventRounds "2"]
[SourceTitle "Corr 2008"]
[Source "ChessBase"]
[SourceDate "2008.06.24"]
[SourceVersion "1"]
[SourceVersionDate "2008.06.24"]
[SourceQuality "1"]

1. c4 Nf6 2. Nf3 g6 3. Nc3 Bg7 4. e4 d6 5. d4 0-0 6. Be2 c5 7. d5 Nbd7 8. 0-0 b6 9. Bg5 Bb7 10. Qd2 Re8 11. h3 a6 12. Rad1 e6 13. Rfe1 exd5 14. exd5 Ne5 15. Nxe5 Rxe5 16. Bd3 Rxe1+ 17. Rxe1 Qd7 18. a3 Re8 19. Rxe8+ Qxe8 20. Bf4 Qf8 21. b4 Nd7 22. Na4 Qe7 23. Qe2 Kf8 24. Qd1 Bd4 25. Qd2 Kg8 26. Be2 b5 27. cxb5 axb5 28. Bxb5 Bxd5 29. Nc3 Bb7 30. Bg3 Nf6 31. Bc4 d5 32. Bf1 h6 33. Bd3 cxb4 34. Ne2 Bc5 35. axb4 Bxb4 36. Qxh6 Ne4 37. Bxe4 Qxe4 38. Qf4 Qxf4 39. Bxf4 Kf8 40. Nd4 Be7 41. f3 Ba6 42. Kf2 Ke8 43. Bd2 Kd7 44. g3 Bc4 1/2-1/2